00317nam a2200121Ia 4500008004100000082001600041100001800057245006300075250000800138260002400146300000800170650001700178150301s2008 xx 000 0 und d a618.1bP08D aDESAI, PANKAJ aPRINCIPLES & PRACTICE OF OBSTETRICS & GYNECOLOGY FOR PG -1 a3RD bJAYPEEaDELHIc2008 a576 aOBST. & GYNE